000 00623nam a2200169Ia 4500
008 090711s9999 xx 000 0 und d
082 _b66825
100 _aकवीश्र्वर छबुताई
245 _aआणि पिंडाला कावळा शिवला
260 _c1990
300 _a144
600 _aकवीश्र्वर छबुताई
630 _aआणि पिंडाला कावळा शिवला
700 _aकवीश्र्वर छबुताई
730 _aआणि पिंडाला कावळा शिवला
942 _cBOOK
999 _c301864
_d301864